Record de points inscrit sur 1 match - Statistiques

Statistiques générales
  • Ce quiz a été pris 43 fois
  • Le résultat moyen est 12 sur 18
Statistiques - réponses
Classement Hint Réponse % Correct
2 81 Kobe Bryant
98%
1 100 Wilt Chamberlain
95%
3 78 Wilt Chamberlain
95%
4 73 Wilt Chamberlain
95%
5 72 Wilt Chamberlain
95%
7 70 Wilt Chamberlain
95%
9 68 Wilt Chamberlain
95%
10 67 Wilt Chamberlain
95%
8 69 Michael Jordan
80%
4 73 Luka Doncic
73%
6 71 Donovan Mitchell
55%
7 70 Devin Booker
53%
7 70 Joel Embiid
53%
6 71 Damian Lillard
38%
6 71 David Robinson
28%
4 73 David Thompson
28%
6 71 Elgin Baylor
13%
9 68 Pete Maravich
5%
Aucun quiz correspondant
Distribution des résultats
% des personnes avec chaque résultat
Percentile par nombre de réponses
Votre historique - résultats
Vous n’avez pas pris ce quiz